Короткоживущее оптическое поглощение в CAF2 при имульсном облучении электронами; Современные техника и технологии; Т. 3

Dades bibliogràfiques
Parent link:Современные техника и технологии: 13-я Международная научно-практическая конференция студентов, аспирантов и молодых ученых, г. Томск, 26-30 марта 2007 г./ Томский политехнический университет (ТПУ).— , 2007
Т. 3.— 2007.— С. 93-95
Autor principal: Шишлянникова И. В.
Altres autors: Обухова Е. Е. Елена Евгеньевна, Штанько В. Ф. Виктор Федорович
Idioma:rus
Publicat: 2007
Matèries:
Format: MixedMaterials Capítol de llibre
KOHA link:https://koha.lib.tpu.ru/cgi-bin/koha/opac-detail.pl?biblionumber=131542

MARC

LEADER 00000naa2a2200000 4500
001 131542
005 20240119115106.0
035 |a (RuTPU)RU\TPU\book\142468 
090 |a 131542 
100 |a 20080219d2007 k y0rusy50 ca 
101 0 |a rus 
102 |a RU 
200 1 |a Короткоживущее оптическое поглощение в CAF2 при имульсном облучении электронами  |f И. В. Шишлянникова, Е. Е. Обухова, В. Ф. Штанько 
320 |a Библиогр.: 7 назв. 
461 1 |0 (RuTPU)RU\TPU\book\136926  |t Современные техника и технологии  |o 13-я Международная научно-практическая конференция студентов, аспирантов и молодых ученых, г. Томск, 26-30 марта 2007 г.  |o труды в 3 т.  |f Томский политехнический университет (ТПУ)  |d 2007 
463 0 |0 (RuTPU)RU\TPU\book\136414  |t Т. 3  |v С. 93-95  |d 2007  |p 400 с. 
610 1 |a оптическое поглощение 
610 1 |a электроны 
610 1 |a импульсное облучение 
610 1 |a лазеры 
610 1 |a труды учёных ТПУ 
700 1 |a Шишлянникова  |b И. В. 
701 1 |a Обухова  |b Е. Е.  |c специалист в области светотехники  |c инженер Томского политехнического университета  |f 1981-  |g Елена Евгеньевна  |3 (RuTPU)RU\TPU\pers\34493 
701 1 |a Штанько  |b В. Ф.  |c физик  |c профессор Томского политехнического университета, доктор физико-математических наук  |f 1948-  |g Виктор Федорович  |3 (RuTPU)RU\TPU\pers\25978  |9 11827 
801 1 |a RU  |b 63413507  |c 20080219  |g PSBO 
801 2 |a RU  |b 63413507  |c 20160303  |g RCR 
942 |c BK